000 00646cam a22002053a 4500
001 41213
003 PGUSA
005 20140828083928.0
008 121028s2012||||xxu|||||s|||||000 | eng d
040 _aPGUSA
_beng
042 _adc
100 1 _aMousley, Edward O.
245 1 4 _aThe Secrets of a Kuttite :
_bAn Authentic Story of Kut, Adventures in Captivity and Stamboul Intrigue
_h[electronic resource] /
_cEdward O. Mousley
260 _bProject Gutenberg,
_c2012
506 _aPublic domain in the USA.
516 _aElectronic text
830 0 _aProject Gutenberg
_v41213
856 4 0 _uhttp://www.gutenberg.org/ebooks/41213
942 _cEB
999 _c270465
_d270465